header

Beyond witnessing : (Record no. 124940)

MARC details
000 -LEADER
fixed length control field 01732nam a22004091i 4500
001 - CONTROL NUMBER
control field ebr10767553
003 - CONTROL NUMBER IDENTIFIER
control field CaPaEBR
006 - FIXED-LENGTH DATA ELEMENTS--ADDITIONAL MATERIAL CHARACTERISTICS--GENERAL INFORMATION
fixed length control field m o d
007 - PHYSICAL DESCRIPTION FIXED FIELD--GENERAL INFORMATION
fixed length control field cr cn|||||||||
008 - FIXED-LENGTH DATA ELEMENTS--GENERAL INFORMATION
fixed length control field 130801s2013 gw ob 000 0 eng d
020 ## - INTERNATIONAL STANDARD BOOK NUMBER
International Standard Book Number 9783653035292 (e-book)
Cancelled/invalid ISBN 9783631647608
040 ## - CATALOGING SOURCE
Original cataloging agency CaPaEBR
Language of cataloging eng
Description conventions rda
-- pn
Transcribing agency CaPaEBR
035 ## - SYSTEM CONTROL NUMBER
System control number (OCoLC)858861913
050 14 - LIBRARY OF CONGRESS CALL NUMBER
Classification number BX2347.8.P66
Item number O38 2013eb
082 04 - DEWEY DECIMAL CLASSIFICATION NUMBER
Classification number 261.8/325
Edition number 23
100 1# - MAIN ENTRY--PERSONAL NAME
Personal name Okuma, Peter Chidi.
245 10 - TITLE STATEMENT
Title Beyond witnessing :
Remainder of title a new way of humanising the world /
Statement of responsibility, etc Peter Chidi Okuma.
250 ## - EDITION STATEMENT
Edition statement First edition.
264 #1 - PRODUCTION, PUBLICATION, DISTRIBUTION, MANUFACTURE, AND COPYRIGHT NOTICE
Place of production, publication, distribution, manufacture Frankfurt am Main ;
-- New York :
Name of producer, publisher, distributor, manufacturer Peter Lang,
Date of production, publication, distribution, manufacture, or copyright notice 2013.
300 ## - PHYSICAL DESCRIPTION
Extent 1 online resource (90 pages)
336 ## - CONTENT TYPE
Content type term text
Source rdacontent
337 ## - MEDIA TYPE
Media type term computer
Source rdamedia
338 ## - CARRIER TYPE
Carrier type term online resource
Source rdacarrier
504 ## - BIBLIOGRAPHY, ETC. NOTE
Bibliography, etc Includes bibliographical references.
588 ## - SOURCE OF DESCRIPTION NOTE
Source of description note Description based on print version record.
590 ## - LOCAL NOTE (RLIN)
Local note Electronic reproduction. Palo Alto, Calif. : ebrary, 2013. Available via World Wide Web. Access may be limited to ebrary affiliated libraries.
650 #0 - SUBJECT ADDED ENTRY--TOPICAL TERM
Topical term or geographic name as entry element Christian life
General subdivision Catholic authors.
Topical term or geographic name as entry element Church work with the poor
General subdivision Catholic Church.
Topical term or geographic name as entry element Poverty
General subdivision Religious aspects
-- Catholic Church.
Topical term or geographic name as entry element Prayer
General subdivision Catholic Church.
Topical term or geographic name as entry element Religion and social problems.
655 #0 - INDEX TERM--GENRE/FORM
Genre/form data or focus term Electronic books.
776 08 - ADDITIONAL PHYSICAL FORM ENTRY
Display text Print version:
Main entry heading Okuma, Peter Chidi.
Title Beyond witnessing : a new way of humanising the world.
Place, publisher, and date of publication Frankfurt am Main : Peter Lang, 2013
Physical description 89 pages
International Standard Book Number 9783631647608
Record control number (DLC) 2013024727
797 2# - LOCAL ADDED ENTRY--CORPORATE NAME (RLIN)
Corporate name or jurisdiction name as entry element ebrary.
856 40 - ELECTRONIC LOCATION AND ACCESS
Uniform Resource Identifier <a href="http://site.ebrary.com/lib/rucke/Doc?id=10767553">http://site.ebrary.com/lib/rucke/Doc?id=10767553</a>
Public note An electronic book accessible through the World Wide Web; click to view

No items available.

© 2026 Rongo University
Contact us: librarian | system librarian | Rongo university